000 00488nam a2200205Ia 4500
003 OSt
005 20221002054736.0
006 a|||||r|||| 00| 0
007 ta
008 220930b |||||||| |||| 00| 0 eng d
024 _a70178
037 _cReference Collections
040 _aCRL
_cCRL
_beng
041 _2eng
_aeng
082 _aB9g, K6
245 0 _aAstronomer's handbook
260 _c1966
942 _hB9g, K6
_cref
_2CC
999 _c925691
_d925691